Las casas de los Fernández en Oñamon y Villamontán (León) / (Record no. 94972)

MARC details
000 -LEADER
campo de control de longitud fija 00527nam a2200169 i 4500
001 - NÚMERO DE CONTROL
campo de control 94972
003 - IDENTIFICADOR DE NÚMERO DE CONTROL
campo de control ES-MaACL
005 - FECHA Y HORA DE LA ÚLTIMA TRANSACCIÓN
campo de control 20230906181613.0
007 - CAMPO FIJO DE DESCRIPCIÓN FÍSICA--INFORMACIÓN GENERAL
campo de control de longitud fija t|
008 - DATOS DE LONGITUD FIJA--INFORMACIÓN GENERAL
campo de control de longitud fija 050519s1925 sp ||||1| spa d
100 0# - ENTRADA PRINCIPAL--NOMBRE DE PERSONA
Nombre de persona Luengo Martínez, José María.
9 (RLIN) 74636
245 14 - MENCIÓN DEL TÍTULO
Título Las casas de los Fernández en Oñamon y Villamontán (León) /
Mención de responsabilidad, etc. por José María Luengo y Julián Sanz Martínez.
260 ## - PUBLICACIÓN, DISTRIBUCIÓN, ETC.
Lugar de publicación, distribución, etc. León :
Nombre del editor, distribuidor, etc. [s.n.],
Fecha de publicación, distribución, etc. 1925.
300 ## - DESCRIPCIÓN FÍSICA
Extensión 134 p.
700 1# - ENTRADA AGREGADA--NOMBRE PERSONAL
Nombre de persona Sanz Martínez, Julián.
9 (RLIN) 103663
852 ## - LOCALIZACIÓN
Ubicación ES-MaACL
Número de control de estantería 1690-F-7
Holdings
Estatus retirado Estado de pérdida Estado de daño No para préstamo Colección Biblioteca de origen Biblioteca actual Ubicación en estantería Fecha de adquisición Fuente de adquisición Total de préstamos Signatura topográfica completa Código de barras Visto por última vez Precio de reemplazo Tipo de ítem Koha
        Colección de folletos Biblioteca del Ateneo de Madrid Biblioteca del Ateneo de Madrid Depósito folletos 17/01/2008     1690-F-7 1099179 23/02/2023 23/02/2023 Folleto